000 00411nam a2200145Ia 4500
003 OSt
005 20260130101710.0
008 211028s2018 xx 000 0 und d
040 _cAIMIT LIBRARY
041 _aeng
100 _aSuresh, Rahul; Vasantha G.
_g1616153
_97906
245 _aStudy on customer preference towards maruti suzuki products /
260 _aMangalore
_bVasantha G.
_c2018
942 _2ddc
_cPRO
999 _c219474
_d219474